| 000 | 00583cam a2200229 4500 | ||
|---|---|---|---|
| 001 | 347348 | ||
| 005 | 20180212041405.0 | ||
| 008 | 711014t19711970kyu b 001 0 eng | ||
| 010 | _a 76111508 | ||
| 020 | _a0813112303 | ||
| 040 |
_aDLC _cDLC _dDLC |
||
| 041 | 0 | _aengspa | |
| 043 | _ae-sp--- | ||
| 080 | _a861.00915 FOS | ||
| 082 | 0 | 0 | _a861.00915 FOS |
| 100 | 1 | _a21 | |
| 101 | _aGJL | ||
| 245 | 1 | 0 | _aChristian allegory in early Hispanic poetry. |
| 504 | _aIncludes bibliographical references. | ||
| 906 |
_a7 _bcbc _corignew _d2 _encip _f19 _gy-gencatlg |
||
| 942 |
_2ddc _cBK |
||
| 999 |
_c42312 _d42312 |
||